Quotable Movies from the Nineties - Statistics

General Stats
  • This quiz has been taken 41 times
  • The average score is 17 of 32
Answer Stats
Hint Answer % Correct
"Life is like a box of chocolates." 1994 Forrest Gump
100%
"YOU CAN'T HANDLE THE TRUTH!" 1992 A Few Good Men
89%
"A census taker once tried to test me. I ate his liver with fava beans and a nice chianti." 1991 Silence of the Lambs
89%
"I'm the king of the world!" 1997 Titanic
85%
"You take the red pill- you stay in Wonderland, and I show you how deep the rabbit hole goes." 1999 The Matrix
81%
"Come with me if you want to live." 1991 Terminator 2: Judgement Day
74%
"Hey, why am I Mister Pink?" 1992 Reservoir Dogs
70%
"What's in the box?!" 1995 Se7en
70%
"Keaton always said 'I don't believe in God, but I'm afraid of him.' Well, I do believe in God, and the only thing that scares me is Keyser Soze." 1995 The Usual Suspects
67%
"That'll do, pig." 1995 Babe
63%
"I made my whole family disappear!" 1990 Home Alone
63%
"We get the warhead and we hold the world ransom for... ONE MILLION DOLLARS!" 1997 Austin Powers: International Man of Mystery
59%
"Louise, no matter what happens, I'm glad I came with you." 1991 Thelma & Louise
59%
"And I guess that was your accomplice in the wood chipper." 1996 Fargo
56%
"Life, uh... finds a way." 1993 Jurassic Park
56%
"I'm your biggest fan." 1990 Misery
52%
"The first rule of (blank) is you do not talk about (blank)." 1999 Fight Club
48%
"Do you like apples? Well, I got her number. How do you like them apples!" 1997 Good Will Hunting
48%
"Hi, do you remember me? I was in here yesterday. You wouldn't wait on me. You work on commission, right? Big mistake." 1990 Pretty Woman
48%
"Zed's dead, baby. Zed's dead." 1994 Pulp Fiction
44%
"I could have got more out. I could have got more. I don't know, if I'd just... I could have got more." 1993 Schindler's List
44%
"That rug really tied the room together." 1998 The Big Lebowski
44%
"What I want from each and every one of you is a hard-target search of every gas station, residence, warehouse, farmhouse, hen house, out house, and dog house in that area." 1993 The Fugitive
41%
"Let me tell you something, my friend. Hope is a dangerous thing. Hope can drive a man insane." 1994 The Shawshank Redemption
41%
"So, Julia's last name's gonna be Gulia? Julia Gulia? That's funny." 1998 The Wedding Singer
37%
"Oooh, somebody stop me!" 1994 The Mask
26%
"Ack! Ack! Ack! Ack!" 1996 Mars Attacks
22%
"Frank and beans! Frank and beans!" 1998 There's Something About Mary
22%
"Hey, Phil, if you're gonna spew, spew into this." (holds up a Dixie Cup.) 1992 Wayne's World
19%
"No way! Why should I change? He's the one who sucks." 1999 Office Space
15%
"Your mother's so poor I saw her kicking cans and asked her what she was doin', she said 'movin'." 1992 White Men Can't Jump
15%
"AK-47. The very best there is. When you absolutely, positively got to kill every (person, but he didn't say 'person') in the room, accept no substitutes." 1997 Jackie Brown
11%
No matching quizzes found
Score Distribution
Percent of People with Each Score
Percentile by Number Answered
Your Score History
You have not taken this quiz